00000000cam 2200000zi 4500
0019.958760
003CaOODSP
00520260318103600
006m     o  d f      
007cr cn|||||||||
008260106e202601##onca    ob   f000 0 eng d
020 |a9780660979007
040 |aCaOODSP|beng|erda|cCaOODSP
043 |an-cn---
0861 |aH129-107/2026E-PDF
24500|aFederal contaminated site risk assessment in Canada : |boverview of Health Canada guidance documents related to human health risk assessment of federal contaminated sites.
24617|aOverview of Health Canada guidance documents related to HHRA of federal contaminated sites
250 |aVersion 2.0.
264 1|aOttawa, ON : |bHealth Canada = Santé Canada, |cJanuary 2026.
264 4|c©2026
300 |a1 online resource (v, 25 pages) : |bcolour illustrations
336 |atext|btxt|2rdacontent
337 |acomputer|bc|2rdamedia
338 |aonline resource|bcr|2rdacarrier
500 |aIssued also in French under title: L'évaluation des risques pour les sites contaminés fédéraux au Canada : vue d'ensemble des documents d'orientation de Santé Canada concernant l'évaluation des risques pour la santé humaine des sites contaminés fédéraux.
500 |aTitle from cover.
500 |a"Pub.: 250418"--Verso of cover.
504 |aIncludes bibliographical references (pages 24-25).
520 |a"The purpose of this document is to provide a summary of the content and potential application of the various technical guidance documents developed by Health Canada (HC) for assessing potential human health risks at federal contaminated sites in Canada. It is intended to assist risk assessors in making decisions on the environmental media to be assessed and on the technical guidance documents to be considered at a particular site. …"--Purpose, page 1.
650 0|aBrownfields|xHealth aspects|zCanada.
650 0|aBrownfields|xRisk assessment|zCanada.
650 0|aHealth risk assessment|zCanada.
7101 |aCanada. |bHealth Canada, |eissuing body.
77508|tL'évaluation des risques pour les sites contaminés fédéraux au Canada : |w(CaOODSP)9.958761
795 |tFederal contaminated site risk assessment in Canada : |b[Version 1.0]|w(CaOODSP)9.893890
85640|qPDF|s515 KB|uhttps://publications.gc.ca/collections/collection_2026/sc-hc/H129-107-2026-eng.pdf
8564 |qHTML|sN/A|uhttps://www.canada.ca/en/health-canada/services/environmental-workplace-health/reports-publications/contaminated-sites/federal-contaminated-site-risk-assessment-overview.html
986 |a250418